B2B marketing: A south-Asian perspective (Record no. 22599)
[ view plain ]
| 000 -LEADER | |
|---|---|
| fixed length control field | 00464nam a2200169Ia 4500 |
| 008 - FIXED-LENGTH DATA ELEMENTS--GENERAL INFORMATION | |
| fixed length control field | 230917s9999||||xx |||||||||||||| ||und|| |
| 020 ## - ISBN | |
| Price | RS799 |
| 040 ## - CATALOGING SOURCE | |
| -- | 239583 |
| Original cataloging agency | VIVEKANANDA LIBRARY |
| 041 ## - Language | |
| -- | English |
| 082 ## - DDC NUMBER | |
| Classification number | 658.8 H977B |
| 100 ## - MAIN ENTRY--PERSONAL NAME | |
| Personal name | Hutt, Michael D |
| 245 #0 - TITLE STATEMENT | |
| Title | B2B marketing: A south-Asian perspective |
| 260 ## - PUBLICATION, DISTRIBUTION, ETC. (IMPRINT) | |
| Place of publication, distribution, etc | New Delhi |
| Name of publisher, distributor, etc | Cengage Learning India |
| Date of publication, distribution, etc | 2014 |
| 300 ## - PHYSICAL DESCRIPTION | |
| Pages | 522 p. |
| 500 ## - GENERAL NOTE | |
| General note | 2719 22/05/2017 HBD17/6962 29/05/2017 Main Budget |
| 942 ## - ADDED ENTRY ELEMENTS (KOHA) | |
| Koha item type | Books |
| Withdrawn status | Lost status | Damaged status | Not for loan | Location (home branch) | Sublocation or collection (holding branch) | Shelving location | Date acquired | Koha issues (times borrowed) | Koha full call number | Accession No. | Koha date last seen | Koha item type |
|---|---|---|---|---|---|---|---|---|---|---|---|---|
| VIVEKANANDA LIBRARY | VIVEKANANDA LIBRARY | IMSAR Library | 10/06/2017 | 658.8 H977B | 366267 | 17/09/2023 | Books | |||||
| VIVEKANANDA LIBRARY | VIVEKANANDA LIBRARY | IMSAR Library | 10/06/2017 | 658.8 H977B | 366268 | 17/09/2023 | Books |
